Statistics for Australian Football Premier League (A-League)

Click here to take the quiz!

General Stats

  • This quiz has been taken 49 times
  • The average score is 9 of 10

Answer Stats

Answer% Correct
Adelaide United
100%
Sydney FC
100%
Brisbane Roar
98%
Perth Glory
98%
Wellington Phoenix
96%
Western Sydney Wanderers
96%
Newcastle Jets
93%
Central Coast Mariners
89%
Melbourne Victory
89%
Melbourne City
84%

Score Distribution

Percentile by Number Answered

Percent of People with Each Score

Your Score History

You have not taken this quiz